000 00707nam a2200229 a 4500
001 BRCA_7658
005 20190320205930.0
008 260713s1954----nyua######---#000-0#eng-#
041 _aeng
044 _anyu
050 4 _aPN1991
_b.S33 1954
100 1 _aSchafer, Kermit
_918888
245 1 0 _aYour slip is showing
_ba collection of radio and TV´s most hilarious boners
_cKermit Schafer ; foreword by John Daly ; illustrated by Bob Dunn.
260 _aNueva York
_bAmerican Book-Stratford
_cc1954
300 _a127 p.
_bil.
_c20 cm.
500 _aT75
650 1 4 _aHumorismo estadounidense
_910411
700 1 _aDaly, John
_918889
700 1 _aDunn, Bob
_eil.
_918890
902 _aGFM
942 _2lcc
_cB
999 _c7332
_d7332